000 01325nam a22003977a 4500
001 0044189
003 KOHA_MİRAKIL
005 20260207003417.0
007 ta
008 130730b2010 tu |||gr||||#||||0|tur |
020 _a9789756790816
040 _aTR-BiSEU
_btur
_cTR-BiSEU
_erda
041 0 _atur
044 _ctu
050 _aHB523
_b.K46 2010
100 1 _aKempf, Hervé.
245 1 _aZenginler dünyamızı nasıl mahvediyor/
_cHervé Kempf ; Herve Kempf ; Fransızca'dan çeviren İsmail Kılınç.
264 1 _aAnkara :
_bEpos yayınları
_c2010
300 _a134 sayfa ;
_c20 cm.
336 _ametin
_btxt
_2rdacontent
337 _aaracısız
_bn
_2rdamedia
338 _acilt
_bnc
_2rdacarrier
490 1 _aEpos yayınları ;
_v66.
490 1 _a Araştırma kitapları
500 _aÖzgün adı : Comment les riches détruisent la planète
500 _aKaynakça var.
650 0 _aDistributive justice.
_911140
650 0 _aEnvironmental ethics.
_982396
650 0 _aHuman ecology.
_955267
650 0 _aSocial justice.
_932910
650 0 _aEnvironmental protection--Moral and ethical aspects.
_982397
650 0 _aEnvironmental policy--Social aspects.
_957366
830 1 _aEpos yayınları ;
_v66.
_974144
830 1 _a Araştırma kitapları
_982398
942 _2lcc
_cBK
999 _c43992
_d43992